00719cam a2200241 a 450000100100000000500170001000800410002702000150006804000230008308200250010610000320013124500410016325000120020426000320021630000210024849000280026950400530029765000240035065000230037465000240039765000260042183000300044700000545420200929151702.0760508s1994 sp b 000 p spa  a8437600561 aDO-SdBNPcDLCdDLC a861.6bF954ó, 19941 aFuertes, Gloria,d1917-199810aObras incompletas /cGloria Fuertes. a11a ed. aMadrid :bCátedra,c1994. a364 p. ;c18 cm.1 aLetras hispánicasv32 aIncluye referencias bibliográficas (p. 35-38.) 4aPoesía española 4aPobrezaxPoesías 4aAnimalesxPoesías 4aLiteratura española 0aLetras hispánicas ;v32